Integriertes Auftragsmanagement in Vertriebsinseln. <Ein> prozessorientiertes Organisationskonzept.
Faktory úspechu v práci so zákazkami. Organizačné zabezpečenie efektívnej práce so zákazkami. Koncept odbytového ostrova ako spojovacieho článku medzi trhom a výrobou. Tímová práca a zvýšenie kvality spracovávania zákaziek. Pojem zákazkových rodín - štrukturovanie zákaziek podľa kritérií výrobkov, o...
Guardado en:
| Autor principal: | |
|---|---|
| Otros Autores: | |
| Formato: | Capítulo de libro |
| Lenguaje: | alemán |
| Materias: | |
| Etiquetas: |
Sin Etiquetas, Sea el primero en etiquetar este registro!
|
MARC
| LEADER | 00000naa a2200000 4500 | ||
|---|---|---|---|
| 001 | r012757 | ||
| 005 | 20221130112908.3 | ||
| 041 | 0 | |a ger | |
| 044 | |a DE | ||
| 245 | 1 | 0 | |a Integriertes Auftragsmanagement in Vertriebsinseln. |b <Ein> prozessorientiertes Organisationskonzept. |c J. Fuhrberg-Baumann, R. Müller |
| 520 | |a Faktory úspechu v práci so zákazkami. Organizačné zabezpečenie efektívnej práce so zákazkami. Koncept odbytového ostrova ako spojovacieho článku medzi trhom a výrobou. Tímová práca a zvýšenie kvality spracovávania zákaziek. Pojem zákazkových rodín - štrukturovanie zákaziek podľa kritérií výrobkov, odbytových oblastí, skupín zákazníkov, kapacít a úloh spracovania. Stratégia fungovania zákazkového ostrova. | ||
| 610 | 2 | 0 | |a odbyt |
| 610 | 2 | 0 | |a zákazky |
| 610 | 2 | 0 | |a výroba |
| 610 | 2 | 0 | |a zákazníci |
| 610 | 2 | 0 | |a trh |
| 610 | 2 | 0 | |a manažment |
| 610 | 2 | 0 | |a útvary podnikové |
| 100 | 1 | |a Fuhrberg-Baumann, J. | |
| 700 | 1 | |a Müller, R. | |